000 00465nam a2200181Ia 4500
005 20240823043208.0
008 240823s9999||||xx |||||||||||||| ||und||
041 _aENGLISH
082 _A338.9 P8
100 _aObdul Reddy D et al.
245 0 _aQuantitative Techniques Volume 1
250 _a4th
260 _c2008
_b"Himalaya Publishing House, Bombay,"
500 _aTRANSFERED
650 _aQuantitative Methods
_bGeneral
942 _cBK
999 _c209659
_d209659